000 01207nam a2200265Ia 4500
001 270.8-GRE ni pr (2727)
003 IT-MiSPE
008 171229s9999||||xx |||||||||||||| ||und||
040 _aIT-MiSPE
_cIT-MiSPE
041 _aITALIANO
100 _aGregorio di Nissa (Grégoire de Nysse)
_gsanto
240 _aDe oratione dominica orationes
245 0 _aLa preghiera del Signore
_bOmelie sul Padre nostro
250 _a1a ed. (v)
260 _aMilano
_bEd. Paoline
_c1983
300 _a119 p.
_c20 cm
490 _aLetture cristiane delle origini: Testi
_v12
500 _aPadre nostro - Commenti
501 _aEdizioni San Paolo srl - Piazza Soncino, 5 - 20092 CINISELLO BALSAMO (MI) (non commercial uses only) ® Copyright 2018
520 _aGiuliana Caldarelli (intr., note)
700 _aGiuliana Caldarelli
_g(traduzione)
942 _cBK
957 _71
999 _a14729
_bNO
_g Copie: 1
_c346590
_d346590